000 00745nam a2200217 i 4500
001 28255
003 ES-MaACL
007 t|
008 030116s1936 xxu ||||1| eng d
100 1 _aBadger, Walter L.
_924531
245 1 0 _aElements of Chemical Engineering /
_cby Walter L. Badger and Warren L. Mc Cabe ; with an introduction by Arthur D. Little.
250 _a2nd ed., 6th imp.
260 _aNew York, etc. :
_bMcGraw-Hill Book Co.,
_c1936.
300 _aXVII, 660 p. :
_bil., gráf. pleg. ;
_c24 cm.
490 1 _aChemical Engineering series
700 1 _aMcCabe, L.
_979523
700 1 _aLittle, Arthur.
_972576
830 0 _aChemical Engineering series
_9229254
852 _aES-MaACL
_jE-351
_bR.26490
999 _c28255
_d28255